| 000 | 01003nam0a22002531 4500 | ||
|---|---|---|---|
| 001 | rc\378339 | ||
| 005 | 20030307124011.0 | ||
| 035 | _a(NLR Aleph) 005610070 | ||
| 090 |
_a6403874 _c6403874 |
||
| 100 | _a20030307d1989 u |0rusy50 ca | ||
| 101 | 0 | _arus | |
| 102 | _aRU | ||
| 105 | _aa ||||||||| | ||
| 200 | 1 |
_aОРГАНИЗАЦИЯ спортивной и физкультурно-оздоровительной работы в студенческих общежитиях _e(Метод. указания) _fМ-во высш. и сред. спец. образования РСФСР, Ленингр. гос. ун-т _g[Сост. к. п. н. Л.В. Бурок] |
|
| 210 |
_aЛ. _cЛГУ _d1989 |
||
| 215 |
_a33 с. _cсхем. _d21 |
||
| 320 | _aБиблиогр.: с. 32-33 | ||
| 702 | 1 |
_aБурок _bЛ. В. _4220 |
|
| 712 | 0 | 2 |
_aЛенинградский ун-т _3RU\NLR\AUTH\882128 |
| 801 | 0 |
_aRU _bNLR _gpsbo |
|
| 801 | 1 |
_aRU _bELAR _2rusmarc |
|
| 852 |
_aNLR _j89-4/22714 |
||
| 942 | _cBOOK | ||
| 980 | _aNB | ||